000 00858pam a2200253 a 4500
001 4980039
005 20180222071253.0
008 980501s1999 maua b 001 0 eng c
010 _a 98023832
020 _a0134745299
020 _a0134745299
040 _aDNLM/DLC
_cDLC
_dDLC
041 _aeng
060 1 0 _aWL 26 S587f 1998
080 _a616.85506028 SIL
082 0 0 _a616.85506028 SIL
_221
100 1 _a9
101 _aPAT
245 1 0 _aFundamentals of electronics for speech-language pathologists and audiologists /
_cFranklin H. Silverman.
504 _aIncludes bibliographical references (p. 185-186) and index.
906 _a7
_bcbc
_corignew
_d1
_eocip
_f19
_gy-gencatlg
942 _2ddc
_cBK
999 _c43186
_d43186